| 000 | 00476nam a2200193Ia 4500 | ||
|---|---|---|---|
| 008 | 220531s9999 xx 000 0 und d | ||
| 041 | _aeng | ||
| 082 | _bBHI / KUL | ||
| 100 |
_aBhirud, S. / Kulkarni, M. A. _969319 |
||
| 245 | _aBusiness Taxation | ||
| 250 | _a1ST | ||
| 260 |
_aPune _bNirali _c2014 |
||
| 300 | _a10.2 | ||
| 542 | _d19-11-2014 | ||
| 551 |
_aBba _bNon-grant-BBA |
||
| 650 |
_aTaxation _969320 |
||
| 906 |
_d2014-2015 _f2971 |
||
| 999 |
_c38891 _d38891 |
||